zpět

Detail výsledku týmu

U Dvou dobráků PO, Opava

Datum a čas kvízu

34 Celkem bodů Celkový počet nahraných bodů na tomto kvízu bez doplňovacích otázek.
3. Pořadí na kvízu Konečné umístění týmu na tomto kvízu.

Zaznamenané odpovědi

# Otázka Odpověď Body Výsledky
1. Na půdě Poslanecké sněmovny se... obrázek Milady Horákové 1
2. Uplynulý týden řešila administ... John Bolton 0
3. Minulý týden se na internetu o... Milan Kundera 1
4. Řetězec Kaufland spouští onlin... Košík.cz 0
5. Aktuální sezóna fotbalové Ligy... v Lisabonu 1
6. Napište dvě řecké předpony pou... mega, mikro 1
7. Vzpomenete si, kolik otázek v... 4 otázky 1
8. Uveďte právní formu Milionu ch... B 1
9. V žebříčku deseti měst USA s v... Kalifornie a Texas 0.5
10. Jaká je průměrná vzdálenost Ze... 150 miliónů km 0